00522nam a22001577a 450000500170000001000150001702000260003203500140005803700130007208200120008524501150009726000450021227000610025730000220031870000240034020190213144513.0 aENG-124748 a9789386473431c350.00 aEN-108280 bDBAD/PUB a363.325 aTerrorism and human rights in the globalizing world:ced. by Nirmal Kumar Sahoobexperience in indian context/ aNew DelhibNew Academic Publishersc2017 a4760-61/23, Ansari Road, Daryaganj,bNew Delhi e110002 a160p. c24cm.(Hb) aSahoo Nirmal Kumar